000 00552aas a22001814i 4500
999 _c49651
_d49651
001 768714001
003 CO-MdFUSB
005 20180406130253.0
008 170426s1990 sp ||||| |||| 00| 0 spa d
040 _aCO-MdFUSB
_bspa
_cCO-MdFUSB
_dCO-MdFUSB
041 _aspa
100 1 _aMartínez, Pablo
_eautor
245 0 0 _aBienaventurados los pacificadores
300 _aVolumen 4, (1990) páginas 43 - 54
_c: 21 cm.
650 0 _9946
_aProblemas sociales
773 0 _tAndamio
_049451
_960423
_gVolumen 4, (1990) páginas 43 - 54
_qPágina 43
942 _cANA